| 000 | 00946nam a2200289 i 4500 | ||
|---|---|---|---|
| 001 | bg | ||
| 003 | BPK | ||
| 005 | 20210112075309.0 | ||
| 008 | 080904s1995 pl a f f |000 0 pol | ||
| 015 | _aPB 2008/27118 | ||
| 020 | _a8390166577 | ||
| 020 | _a8390240904 | ||
| 040 |
_aWA N _cBPK |
||
| 080 | _a330.101.54 | ||
| 080 | _a330.342.172 | ||
| 080 | _a(07) | ||
| 100 | 1 |
_aNasiłowski, Mieczysław _d(1929-2004) _eAutor |
|
| 245 | 1 | 0 |
_aSystem rynkowy : _bpodstawy mikro- i makroekonomii / _cMieczysław Nasiłowski. |
| 250 | _aWyd. 3 zm. i uzup. | ||
| 260 |
_aWarszawa : _bInstytut Kształcenia Ekonomicznego PTE : _bWydawnictwo Key Text, _c1995. |
||
| 300 |
_a382, [1] s. : _bil. ; _c24 cm. |
||
| 650 | 4 | _aEkonomia | |
| 655 | 4 | _aPodręcznik | |
| 856 |
_uhttp://koha.tu.koszalin.pl/cgi-bin/koha/opac-detail.pl?biblionumber=31979 _yKatalog online BPK |
||
| 856 |
_uhttp://libra.ibuk.pl/book/168101 _yIBUK |
||
| 942 |
_2UKD _cKS |
||
| 999 |
_c31979 _d31979 |
||